Lectures on gas chromatography.

Bibliographic Details
Corporate Author: Gas Chromatography Institute
Format: Conference Proceeding
Language:English
Published: New York : Plenum Press.
Subjects:
Online Availability: Check for online availability

MARC

Tag First Indicator Second Indicator Subfields
LEADER 00000cas a2200000L 4500
001 in00000082938
005 20151008054258.0
008 751101c1962 nyu m 0 eng u
010 |a  61015520  
022 |a 0075-8515 
035 |a (OCoLC)01755696 
035 |9 AAJ0179AM 
040 |c MUL  |d TXA  |d UtOrBLW 
049 |a TXAE 
090 |a TP156.C5  |b L4 
245 0 0 |a Lectures on gas chromatography. 
264 1 |a New York :  |b Plenum Press. 
300 |a 3 volumes :  |b illustrations, diagrams ;  |c 24 cm. 
336 |a text  |b txt  |2 rdacontent 
337 |a unmediated  |b n  |2 rdamedia 
338 |a volume  |b nc  |2 rdacarrier 
362 0 |a 1961-1966 
500 |a Volume for 1961 called volume 1. 
500 |a Title varies : 1961, Progress in industrial gas chromatography. 
500 |a Volume for 1961 called also Proceedings of advanced sessions of the 3rd Gas Chromatography Institute. ; Vols for 1962- are based on lectures presented at the advanced sessions of the 4th- Gas Chromatography Institute. 
650 0 |a Gas chromatography  |x Industrial applications. 
711 2 |a Gas Chromatography Institute. 
999 |a MARS 
999 f f |s 79536b7f-65bc-3822-aa55-58982ce51e63  |i 00428922-bed9-3212-97b3-0b42914f0cee  |t 0 
952 f f |p ric  |a Texas A&M University  |b Rellis Campus  |c Joint Library Facility  |d Remote Storage  |t 0  |e TP156.C5 L4  |h Library of Congress classification  |i unmediated -- volume  |k 1964  |m A14838958072 
998 f f |a TP156.C5 L4  |s <1962-1964,1966>  |t 0  |l Remote Storage